| 000 | 00935cab a22002055a 4500 | ||
|---|---|---|---|
| 001 | L144207 | ||
| 008 | 080703e20080606xxko f s 000 0 eng d | ||
| 035 | _a(Sirsi) u144207 | ||
| 041 | 0 | _aeng | |
| 100 | 1 | _aFennell, James | |
| 245 | 0 | 0 | _aCentres of attention |
| 260 | _c2008 | ||
| 490 |
_aPlanning _v(1772) 6 June 2008, 16-17(2) |
||
| 520 | _aArticle looks at the development of out-of-town regional shopping centres (RSCs) and argues that they have long been drivers of economic growth and regeneration and that they could become focal points for the development of sustainable mixed-use communities. Examples are drawn from RSCs including the MetroCentre (Newcastle) and Braehead (Glasgow). | ||
| 590 | _aKA | ||
| 651 | 4 |
_aUnited Kingdom _y |
|
| 690 | _aPROPERTY-COMMERCIAL PROPERTY-RETAIL PROPERTY-OUT OF TOWN RETAIL PROPERTY-OUT OF TOWN SHOPPING CENTRE, MALL AND ARCADE PROPERTY | ||
| 700 | 1 | _aRobertson, John | |
| 942 | _n0 | ||
| 999 |
_c80388 _d80388 |
||